Data analytics & business intelligence (Record no. 367306)
[ view plain ]
| 000 -LEADER | |
|---|---|
| fixed length control field | 00804nam a22002537a 4500 |
| 003 - CONTROL NUMBER IDENTIFIER | |
| control field | 0 |
| 005 - DATE AND TIME OF LATEST TRANSACTION | |
| control field | 20250318154650.0 |
| 008 - FIXED-LENGTH DATA ELEMENTS--GENERAL INFORMATION | |
| fixed length control field | 250318b xxu||||| |||| 00| 0 eng d |
| 020 ## - INTERNATIONAL STANDARD BOOK NUMBER | |
| International Standard Book Number | 978-621-427-146-7 |
| 050 ## - LIBRARY OF CONGRESS CALL NUMBER | |
| Classification number | QA 76.9 |
| Item number | .D38 2023 |
| 245 ## - TITLE STATEMENT | |
| Title | Data analytics & business intelligence |
| Statement of responsibility, etc | Marmelo V. Abante and four others |
| 260 ## - PUBLICATION, DISTRIBUTION, ETC. (IMPRINT) | |
| Place of publication, distribution, etc | Manila |
| Name of publisher, distributor, etc | Unlimited Book Library Services & Publishing Inc. |
| Date of publication, distribution, etc | 2023 |
| 300 ## - PHYSICAL DESCRIPTION | |
| Extent | viii, 447 pages ; |
| Dimensions | 26cm. |
| 500 ## - GENERAL NOTE | |
| General note | OBE Approach. |
| 504 ## - BIBLIOGRAPHY, ETC. NOTE | |
| Bibliography, etc | Includes bibliographical references. |
| 650 ## - SUBJECT ADDED ENTRY--TOPICAL TERM | |
| Topical term or geographic name as entry element | Data analytics--Business. |
| 650 ## - SUBJECT ADDED ENTRY--TOPICAL TERM | |
| Topical term or geographic name as entry element | Data analytics. |
| 700 ## - ADDED ENTRY--PERSONAL NAME | |
| Personal name | Abante, Marmelo V. |
| 700 ## - ADDED ENTRY--PERSONAL NAME | |
| Personal name | Alday, Roselie B. |
| 700 ## - ADDED ENTRY--PERSONAL NAME | |
| Personal name | Baldovino, Flormando P. |
| 700 ## - ADDED ENTRY--PERSONAL NAME | |
| Personal name | Gongora, Jerald S. |
| 700 ## - ADDED ENTRY--PERSONAL NAME | |
| Personal name | Palma, Norvin M. |
| 942 ## - ADDED ENTRY ELEMENTS (KOHA) | |
| Source of classification or shelving scheme | Library of Congress Classification |
| Koha item type | Books |
| Withdrawn status | Lost status | Source of classification or shelving scheme | Damaged status | Home library | Current library | Shelving location | Date acquired | Source of acquisition | Sub Shelving location | Total Checkouts | Total Renewals | Full call number | Barcode | Date last seen | Date checked out | Price effective from | Koha item type | Public note |
|---|---|---|---|---|---|---|---|---|---|---|---|---|---|---|---|---|---|---|
| Library of Congress Classification | College Library | College Library | Filipiniana Section | 03/18/2025 | Library Fund | 1 | 1 | QA 76.9 .D38 2023 | C24290 | 06/26/2025 | 03/19/2025 | 03/18/2025 | Books | copy 1 | ||||
| Library of Congress Classification | College Library | College Library | Filipiniana Section | 05/06/2025 | Library Fund | QA 76.9 .D38 2023 | C24485 | 05/06/2025 | 05/06/2025 | Books | ||||||||
| Library of Congress Classification | College Library | College Library | Filipiniana Section | 05/06/2025 | Library Fund | QA 76.9 .D38 2023 | C24484 | 05/06/2025 | 05/06/2025 | Books |